000 00791cam a22002654a 4500
001 2333
005 20240719092001.0
020 _a043926992X
020 _a9780439412858
040 _aDLC
_cDLC
_dDLC
_beng
050 0 0 _aQE521.3
_b.H35 2002
082 0 0 _a551.22
_221
100 1 _aHeiligman, Deborah
245 1 0 _aEarthquakes /
_cDeborah Heiligman.
250 _aFirst trade printing, March 2003
260 _aNew York :
_bScholastic,
_c2002
300 _a48 pages :
_billustrations
_c23 cm
500 _aIncludes index.
520 _aText and photographs describe earthquakes and the damage they cause.
521 _a820
_bLexile
650 0 _aEarthquakes
_vJuvenile literature.
650 1 _aEarthquakes.
906 _a7
_bcbc
_corignew
_d1
_eocip
_f20
_gy-gencatlg
942 _2ddc
_cBK
_n0
999 _c2333
_d2333